| 000 | 00977nam a2200205Ii 4500 | ||
|---|---|---|---|
| 003 | JO-AjNU | ||
| 008 | 230605s9999||||xx |||||||||||||| ||und|| | ||
| 040 |
_aJO-AjNU _bara _erda _cJO-AjNU |
||
| 041 | _aara | ||
| 050 | 1 | 4 | _aBC66.A7 F37.1986 |
| 100 | 3 |
_aالفارابي،ابو نصر ، مهدي،حسن/تحقيق وتقديم وتعليق , _eauthor _99868 |
|
| 245 | 0 | 0 | _aكتاب الالفاظ المستعملة في المنطق |
| 250 | _aط2 | ||
| 264 | 3 | 1 | _aبيروت:دار المشرق ،1986 |
| 300 |
_a124ص _bتعليقات على النص ص113-ص114 ، المراجع التي ذكرت في المقدمة ص115-ص117 ، فهرس الكتب التي ذكرت في النص ص118-119-فهرس الاعلام التي ذكرت في النص ص120-124 |
||
| 336 |
_atext _btxt _2rdacontent |
||
| 337 |
_aunmediated _bn _2rdamedia |
||
| 338 |
_avolume _bnc _2rdacarrier |
||
| 650 | 4 |
_aمنطق -- الاعمال حتى 1800 -منطق -- مصطلحات _99869 |
|
| 999 |
_aA1518 _c5086 _d5086 |
||